| 000 | 01867cam a22003374a 4500 | ||
|---|---|---|---|
| 001 | 12700826 | ||
| 005 | 20210414114131.0 | ||
| 008 | 020312s2003 iaua b 001 0 eng | ||
| 010 | _a 2002024414 | ||
| 020 | _a0072460601 (alk. paper) | ||
| 020 | _a0071199624 (ISE : alk. paper) | ||
| 040 |
_aDLC _cDLC _dDLC |
||
| 042 | _apcc | ||
| 050 | 0 | 0 | _aTK5105.585.F67 |
| 082 | 0 | 0 |
_a004.6/2 _221 |
| 100 | 1 | _aForouzan, Behrouz A. | |
| 245 | 1 | 0 |
_aTCP/IP protocol suite. / _cBehrouz A. Forouzan with Sophia Chung Fegan. |
| 250 | _a2nd ed. | ||
| 260 |
_aBoston : _bMcGraw-Hill, _c2003. |
||
| 300 |
_axxxiv, 942 p. : _bill. ; _c24 cm. |
||
| 440 | 0 | _aMcGraw-Hill Forouzan networking series | |
| 504 | _aIncludes bibliographical references (p. 907) and index. | ||
| 505 | _aContents: Introduction -- The OSI model and the TCP/IP protocol suite -- Underlying technologies -- IP addresses: classful addressing -- Subnetting/ supernetting and classles addressing -- Delivery and routing of IP packets -- ARP and RARP -- Internet protocol(IP) -- Internet control message protocol (ICMP) -- Internet group management protocol (IGMP) -- User datagram protocol (UDP) -- Transmission control protocol(TCP) -- Unicast routing protocols(RIP,OSPF and BGP) -- Multicasting and multicast routing protocols -- Application layer and client- server model -- Socket interface -- BOOTP and DHCP -- Domain name system (DNS). | ||
| 650 | 0 | _aTCP/IP (Computer network protocol) | |
| 700 | _aFegan, Chung Sophia | ||
| 856 | 4 | 2 |
_3Publisher description _uhttp://www.loc.gov/catdir/description/mh022/2002024414.html |
| 856 | 4 | 1 |
_3Table of contents _uhttp://www.loc.gov/catdir/toc/mh021/2002024414.html |
| 906 |
_a7 _bcbc _corignew _d1 _eocip _f20 _gy-gencatlg |
||
| 942 |
_2lcc _cBK |
||
| 999 |
_c2191 _d9691 |
||